Catálogo público

Reporte del estudio técnico ingenieril en el Centro de Acopio y Distribución (CAD) de productos perecederos de la organización Soriana, Monterrey, Nuevo León / (Record no. 172957)

MARC details
000 -CABECERA
campo de control de longitud fija 02213nam a2200481Ia 4500
001 - NÚMERO DE CONTROL
campo de control dia_2434
003 - IDENTIFICADOR DEL NÚMERO DE CONTROL
campo de control CHAP
005 - FECHA Y HORA DE LA ÚLTIMA TRANSACCIÓN
campo de control 20241204133853.0
007 - CAMPO FIJO DE DESCRIPCIÓN FÍSICA--INFORMACIÓN GENERAL
campo de control de longitud fija ta
008 - DATOS DE LONGITUD FIJA--INFORMACIÓN GENERAL
campo de control de longitud fija 220117s2002 mx abdefr 001 0 spa d
040 ## - FUENTE DE LA CATALOGACIÓN
Centro/agencia transcriptor CHAP
Centro catalogador/agencia de origen mxchpua
090 ## - LOCALMENTE ASIGNADO TIPO-LC NÚMERO DE CLASIFICACIÓN (OCLC); NÚMERO DE CLASIFICACIÓN LOCAL (RLIN)
Número de clasificación (OCLC) (R) ; Numero de clasificación, CALL (RLIN) (NR) T.C.331
Número cutter local (OCLC) ; Número de libro/Signatura topográfica íntegra, CALL (RLIN) R49 ETIPA
Año 2002
245 10 - MENCIÓN DE TÍTULO
Título Reporte del estudio técnico ingenieril en el Centro de Acopio y Distribución (CAD) de productos perecederos de la organización Soriana, Monterrey, Nuevo León /
Mención de responsabilidad, etc. coordinador Miguel Reyes Vigil ; colaboradores Maria Guadalupe Alonso Carrillo...[et al.]
260 ## - PUBLICACIÓN, DISTRIBUCIÓN, ETC.
Lugar de publicación, distribución, etc. México :
Nombre del editor, distribuidor, etc. El autor,
Fecha de publicación, distribución, etc. 2002
300 ## - DESCRIPCIÓN FÍSICA
Extensión 40 hojas :
Otras características físicas ilustraciones, mapas, gráficas, diagramas, tablas, fotos, plano
336 ## - TIPO DE CONTENIDO
Fuente rdacontent
Término de tipo de contenido texto
Código de tipo de contenido txt
337 ## - TIPO DE MEDIO
Fuente rdamedia
Nombre/término del tipo de medio sin medio
Código del tipo de medio n
338 ## - TIPO DE SOPORTE
Fuente rdacarrier
Nombre/término del tipo de soporte volumen
Código del tipo de soporte nc
500 ## - NOTA GENERAL
Nota general Grado 7°
502 ## - NOTA DE TESIS
Nota de tesis Viaje de Estudios
Tipo de título (ETIPA) --
Nombre de la institución que otorga el título UACh. Departamento de Ingeniería Agroindustrial,
Año de obtención del título 2002
504 ## - NOTA DE BIBLIOGRAFÍA, ETC.
Nota de bibliografía, etc. Bibliografía: hoja 39
505 ## - NOTA DE CONTENIDO CON FORMATO
Nota de contenido con formato 7 planos <br/>1. Distribución de áreas del CAD de Soriana en Monterrey (Esc. 1:500) -- <br/>2. Diagrama de tuberías e instrumentación --<br/>3. Plano isométrico --<br/>4. Plano de alumbrado, cámaras, andén, refrigeración y congelados (Esc. 1:200) -- <br/>5. Plano de distribución general perecederos de CAD de Soriana en Monterrey (Esc. 1:250) --<br/>6. Instalación sanitaria de congelados (Esc. 1:125) --<br/>7. Plano de distribución sanitaria e hidraúlico perecederos (Esc. 1:125)
650 13 - PUNTO DE ACCESO ADICIONAL DE MATERIA--TÉRMINO DE MATERIA
Término de materia o nombre geográfico como elemento de entrada Carne
9 (RLIN) 19053
650 13 - PUNTO DE ACCESO ADICIONAL DE MATERIA--TÉRMINO DE MATERIA
Término de materia o nombre geográfico como elemento de entrada Frutas
9 (RLIN) 150601
650 13 - PUNTO DE ACCESO ADICIONAL DE MATERIA--TÉRMINO DE MATERIA
Término de materia o nombre geográfico como elemento de entrada Hortalizas
9 (RLIN) 150602
650 13 - PUNTO DE ACCESO ADICIONAL DE MATERIA--TÉRMINO DE MATERIA
Término de materia o nombre geográfico como elemento de entrada Mariscos
9 (RLIN) 71424
650 13 - PUNTO DE ACCESO ADICIONAL DE MATERIA--TÉRMINO DE MATERIA
Término de materia o nombre geográfico como elemento de entrada Pescados
9 (RLIN) 152835
650 13 - PUNTO DE ACCESO ADICIONAL DE MATERIA--TÉRMINO DE MATERIA
Término de materia o nombre geográfico como elemento de entrada Productos lácteos
9 (RLIN) 92124
650 13 - PUNTO DE ACCESO ADICIONAL DE MATERIA--TÉRMINO DE MATERIA
Término de materia o nombre geográfico como elemento de entrada Supermercados
9 (RLIN) 110749
650 13 - PUNTO DE ACCESO ADICIONAL DE MATERIA--TÉRMINO DE MATERIA
Término de materia o nombre geográfico como elemento de entrada Dairy products
9 (RLIN) 147672
650 13 - PUNTO DE ACCESO ADICIONAL DE MATERIA--TÉRMINO DE MATERIA
Término de materia o nombre geográfico como elemento de entrada Fruits
9 (RLIN) 150789
650 13 - PUNTO DE ACCESO ADICIONAL DE MATERIA--TÉRMINO DE MATERIA
Término de materia o nombre geográfico como elemento de entrada Supermarkets
9 (RLIN) 152836
650 13 - PUNTO DE ACCESO ADICIONAL DE MATERIA--TÉRMINO DE MATERIA
Término de materia o nombre geográfico como elemento de entrada Vegetables
9 (RLIN) 151808
650 13 - PUNTO DE ACCESO ADICIONAL DE MATERIA--TÉRMINO DE MATERIA
Término de materia o nombre geográfico como elemento de entrada Meat
9 (RLIN) 150746
700 1# - PUNTO DE ACCESO ADICIONAL--NOMBRE DE PERSONA
Nombre de persona Reyes Vigil, Miguel
Término indicativo de función/relación coordinador
9 (RLIN) 156679
700 1# - PUNTO DE ACCESO ADICIONAL--NOMBRE DE PERSONA
Nombre de persona Alonso Carrillo, María Guadalupe
Término indicativo de función/relación colaboradora
9 (RLIN) 4566
942 ## - ELEMENTOS DE PUNTO DE ACCESO ADICIONAL (KOHA)
Fuente del sistema de clasificación o colocación Clasificación Universidad Autónoma de Chapingo
901 ## - ELEMENTOS DE DATOS A LOCAL LDA (RLIN)
a T.C.331 R49 ETIPA 2002
902 ## - ELEMENTOS DE DATOS B LOCAL, LDB (RLIN)
a M
905 ## - ELEMENTOS DE DATOS E LOCAL, LDE (RLIN)
a 5232272002 mx enmd8223123322spa16
942 ## - ELEMENTOS DE PUNTO DE ACCESO ADICIONAL (KOHA)
Tipo de ítem Koha Viaje de Estudios
Holdings
Estado de retiro Estado de pérdida Fuente del sistema de clasificación o colocación Estado dañado Restricciones de uso No para préstamo Código de colección Localización permanente Ubicación/localización actual Fecha de adquisición Fuente de adquisición Total de préstamos Signatura topográfica completa Código de barras Fecha visto por última vez Número de copia Precio válido a partir de Tipo de ítem Koha
    Clasificación Universidad Autónoma de Chapingo   Préstamo interno   Viajes de Estudio Ingenieria Agroindustrial Ingenieria Agroindustrial 18/01/2022 El autor   T.C.331 R49 ETIPA 2002 1106008489 26/01/2026 Ej. 1 18/01/2022 Viaje de Estudios